01268nam a2200289 a 4500008004100000020001600041041000800057092001900065100003500084245007700119250006400196260003400260300001100294500014600305590003600451653012200487653005100609653002700660653003000687653003100717653001700748653002800765700003700793942001200830999001300842952012300855110811s1999 ag f 001 0 spa  a98709553209 aspa c362.76l6sBEC1 aBecher de Goldberg, Diana9737 aMaltrato infantil.bUna deuda con la niñez /cDiana Becher de Goldberg a2a ed. ampliada y actualizadabPrólogo Carlos Gianantonio aBuenos Aires:bUrbano;c1999. a254 p. aBecher de Goldberg, D. y Kuperman de Kuitca, M. (1999). Maltrato infantil. Una deuda con la niñez. (2a ed.). Buenos Aires : Editor Urbano.  aDonación Dr. Vera, 19/04/2011 aEstadísticas del programa de atención de niños y adolescentes maltratados de la secretaría de salud pública aDaño a los niños a través de la historia aAgresión y violencia aSíndrome Battered Child aPrevención y tratamiento aAbuso sexual aInterdisciplina y redes1 aKuperman de Kuitca, María9738 2ddccBK c886d886 00102ddc4070aBFMbBFMcREFd2011-08-11l0o362.76 6 BECp2270r2014-11-06tej.1w2011-08-11yBKzLIBRO DE CONSULTA